00702cam a2200217Ia 4500020001800000020001500018040001000033082002600043100001900069245007600088260007500164300003600239500004800275650002100323650002100344650001800365650001800383650001400401650000900415710006000424 a9789251058497 a9251058490 cNLGGC a641 FOO 2007 A036 Or.1 aRolle, Rosa S.10aGood practice for the small-scale production of bottled coconut water / aRome :bFood and Agriculture Organization of the United Nations,c2007 aix, 35 p. :bcol. ill. ;c21 cm a"TC/M/A1418E/1/11/07/2500"--P. [4] of cover 0aCoconut products 0aCoconut products 0aCoconut water 0aCoconut water 0aBeverages 0aFood2 aFood and Agriculture Organization of the United Nations